000 04630cam a22004577i 4500
999 _c10294
_d10294
001 20531740
003 HQ281.H8765 2018
005 20220112115909.0
008 180607s2018 nyuab b 001 0 eng
010 _a 2018300189
020 _a9781138931015
020 _a1138931012
020 _a9781138931039
020 _a1138931039
020 _z9781315679990 (ebk)
035 _a(OCoLC)on1005398479
040 _aAU@
_beng
_cAU@
_erda
_dYDX
_dMNG
_dCSJ
_dOCLCF
_dMEU
_dIGA
_dDLC
042 _alccopycat
050 0 0 _aHQ281
_b.H8765 2018
082 0 4 _a364.15
_223
245 0 0 _aHuman Trafficking :
_bInterdisciplinary Perspectives /
_cedited by Mary C. Burke.
250 _aSecond edition.
264 1 _aNew York :
_bRoutledge, Taylor & Francis Group,
_c2018.
264 4 _c©2018
300 _axi, 398 pages :
_billustrations, maps ;
_c24 cm.
490 0 _aCriminology and justice studies series
500 _aIncludes bibliographical references and index.
504 _aIncludes bibliographical references and index.
505 0 _aSection I: Human Trafficking Explained. -- 1. Introduction to Human Trafficking: Definitions and Prevalence / Mary C. Burke and Brian Bruijn -- 2. Historical Perspective: Slavery over the Centuries / Brooke N. Newman. -- Section II: A Closer Look. -- 3. Sociological Perspective: Underlying Causes / Marci Cottingham, Thomas Nowak, Kay Snyder, & Melissa Swauger -- 4. Fear, Fraud, and Frank Complexities: The Influence of Gender on Human Trafficking / Lisa C. Ruchti -- 5. Making Money out of Misery: Trafficking for Labor Exploitation / June Kane -- 6. Common Forms: Sex Trafficking / Kimberly McCabe -- 7. The Exploitation Equation: Distinguishing Child Trafficking from Other Types of Child Mobility in West Africa / Anne Kielland -- Section III: The Anti-Slavery Movement -- 8. Domestic and Foreign Policy Responses to the Problem of Human Trafficking / Sandi DiMola and Allyson Lowe -- 9. Victim Protection Policy in a Local Context: A Case Study / Patrizia Testaì -- 10. International Development Issues and Other Push Factors That Contribute to Human Trafficking / Jamie Turek and Lynsie Clott -- 11. The Human Security Framework: The Best Security Approach to Preventing and Combating Human Trafficking / Lynsie Clott -- 12. Law Enforcement Considerations for Human Trafficking / Bradley Orsini -- 13. Combatting Sex Trafficking through the Prosecution of Traffickers / Michael J. Frank and G. Zachary Terwilliger -- Section IV. Supporting Survivors 14. Mental Health Care: Human Trafficking and Post-Traumatic Stress Disorder / Veronica M. Lugris, Mary C. Burke and Leah Russell Flaherty -- 15. Human Trafficking and its Contribution to the Globalization of Infectious Diseases: Implications for Victims and Health Care Providers / Nicole Travis and Nurlanbek Sharshenkulov -- 16. Addressing the Problem: Community-Based Responses and Coordination / Judy Hale Reed.
520 _aWith a range of experts from different disciplines and professions, this text comprehensively explains human trafficking as it exists and is being addressed in the twenty-first century. The first section gives an overview of the issue and contextualizes it within a human rights and historical framework. The second section provides the reader with more detailed, interdisciplinary information about trafficking. The third section, which contains a chapter written by a former FBI agent, focuses on the anti-trafficking movement and addresses international responses to the problem, as well as considerations for working with victims. Human Trafficking closes with a chapter about how trafficking is being addressed and how individuals, larger social groups, and organizations can get involved in putting an end to the crime and to helping survivors. Human Trafficking is essential reading for professionals in law enforcement, human services, and health care, and for concerned citizens interested in human rights and making a difference in their communities. This book is also intended for use in undergraduate and graduate interdisciplinary courses in human trafficking.
546 _aText in English.
650 0 _aHuman trafficking.
650 7 _aSOCIAL SCIENCE / Criminology.
_2bisacsh
650 7 _aSOCIAL SCIENCE / Social Work.
_2bisacsh
650 7 _aSOCIAL SCIENCE / Sociology.
_2bisacsh
650 7 _aHuman trafficking.
_2fast
_0(OCoLC)fst01739818
700 1 _aBurke, Mary C.
_q(Mary Cecilia),
_eeditor.
906 _a7
_bcbc
_ccopycat
_d2
_encip
_f20
_gy-gencatlg
942 _2lcc
_cBK
_h281.H8765
_iHUM
_kHQ